Clubs des 3 premières divisions de rugby français 2025/2026 - Statistiques

Statistiques générales
  • Ce quiz a été pris 305 fois
    123 depuis la dernière actualisation
  • Le résultat moyen est 34 sur 44
Statistiques - réponses
Classement Clubs % Correct
11 LOU Rugby
100%
3 RC Toulon
98%
7 Stade Rochelais
98%
1 Stade Toulousain
98%
4 Aviron Bayonnais
97%
Relégué de Top 14 RC Vannes
97%
12 Stade Français
97%
2 Union Bordeaux Bègles
97%
5 ASM Clermont
95%
13 USA Perpignan
95%
Vainqueur de Pro D2 US Montauban
95%
6 Castres Olympique
93%
9 Montpellier HR
93%
8 Section Paloise
93%
1 FC Grenoble
91%
Relégué de Pro D2 Stade Niçois
91%
9 Biarritz Olympique
90%
10 Racing 92
90%
2 CA Brive
88%
11 US Dax
84%
13 Stade Montois
81%
Vainqueur de Nationale 1 US Carcassonne
81%
4 Provence Rugby
79%
2 RC Narbonne
79%
15 Stade Aurillacois
78%
7 AS Béziers
76%
3 Colomiers Rugby
76%
6 SC Albi
76%
14 SU Agen
76%
10 USON Nevers
71%
7 RC Massy Essonne
67%
1 SOC Chambéry
67%
11 Stado Tarbes Pyrénées Rugby
67%
12 Oyonnax Rugby
66%
5 Soyaux Angoulême XV
66%
Finaliste de Nationale 2 Rennes Étudiants Club Rugby
62%
5 Rouen Normandie Rugby
62%
8 Valence Romans Drôme Rugby
55%
4 CA Périgueux Dordogne
52%
Vainqueur de Nationale 2 Niort Rugby Club
50%
8 US Bressane Pays de l'Ain
48%
12 RC Suresnes
45%
9 CS Bourgoin-Jallieu
40%
10 Olympique Marcquois Rugby
34%
Aucun quiz correspondant
Distribution des résultats
% des personnes avec chaque résultat
Percentile par nombre de réponses
Votre historique - résultats
Vous n’avez pas pris ce quiz depuis la dernière actualisation